Todos os Brawlers - Brawl Stars - Statistics

Estatísticas Gerais
  • Esse quiz foi jogado 575 vezes
    431 desde o último reset
  • A pontuação média é 38 de 73
Estatísticas das Respostas
Raridade Brawler % Correto
Inicial Shelly
96%
Raro Colt
89%
Raro Nita
84%
Raro Bull
80%
Raro El Primo
80%
Raro Rosa
76%
Raro Brock
73%
Lendário Leon
73%
Raro Poco
73%
Raro Barley
72%
Lendário Corvo
72%
Super Raro Jessie
70%
Lendário Spike
69%
Épico Bo
67%
Mítico Mortis
67%
Super Raro Dynamike
66%
Cromático Wattson
64%
Épico Piper
62%
Épico Edgar
61%
Super Raro Penny
61%
Super Raro Rico
61%
Super Raro Darryl
57%
Épico Frank
57%
Cromático Gale
57%
Super Raro Tick
57%
Super Raro 8-Bit
54%
Cromático Colette
54%
Lendário Meg
54%
Épico Emz
53%
Super Raro Gus
53%
Lendário Sandy
53%
Cromático Mandy
51%
Mítico Tara
51%
Lendário Amber
50%
Épico Bibi
50%
Cromático Buzz
49%
Super Raro Carl
49%
Lendário Chester
48%
Mítico Eugênio
48%
Épico Stu
48%
Épico Bea
47%
Super Raro Jacky
47%
Épico Pam
47%
Cromático Belle
46%
Cromático Fang
45%
Cromático Lola
45%
Cromático Cordelius
43%
Mítico Max
43%
Épico Nani
42%
Cromático Sam
42%
Mítico Byron
41%
Épico Griff
40%
Cromático Lou
40%
Cromático Buster
39%
Cromático Coronel Ruffs
38%
Cromático Eve
37%
Cromático Janet
37%
Mítico Sprout
37%
Cromático Ash
36%
Mítico Mister P
36%
Cromático Charlie
35%
Cromático Otis
35%
Épico Bonnie
34%
Mítico Gray
34%
Épico Grom
34%
Cromático Pearl
33%
Cromático R-T
33%
Épico Hank
32%
Mítico Squeak
32%
Cromático Maisie
29%
Mítico Willow
29%
Mítico Chuck
28%
Mítico Doug
28%
Nenhum quiz correspondente encontrado
Distribuição das Pontuações
Porcentagem de Pessoas com Cada Pontuação
Percentil de Números Respondidos
Sua Pontuação Histórica
Você não jogou esse quiz desde o último reset